000 00312nam a2200121Ia 4500
008 180117s9999 xx 000 0 und d
100 _aby Danelle Ruth
245 _aPining for Kuyug Kuyug
260 _c2016
300 _a16-18 pages, 2016 December 25
440 _aPhilippine Panorama
650 _aKUYUG KUYUG
999 _c353475
_d353475